[Event "Asian-ch Seniors zt 50 3.1"]
[Site "Chess.com INT"]
[Date "2020.07.13"]
[Round "4.10"]
[White "Akbarpourmiri, Massoumeh"]
[Black "Rafea, Sabri Fayyadh"]
[Result "1-0"]
[WhiteElo "1443"]
[BlackElo "1805"]
[PlyCount "85"]
[EventDate "2020.07.13"]
[EventType "swiss"]
[EventRounds "7"]
[EventCountry "JOR"]
[SourceTitle "EXT 2024"]
[Source "ChessBase"]
[SourceDate "2023.10.10"]
[SourceVersion "1"]
[SourceVersionDate "2023.10.10"]
[SourceQuality "1"]

1. d4 d5 2. Nf3 c6 3. g3 Nf6 4. Bg2 Ne4 5. Nbd2 f5 6. Ne5 Nd7 7. Ndf3 Ndf6 8. Bg5 e6 9. 0-0 Be7 10. c4 dxc4 11. Nxc4 0-0 12. Re1 Nxf2 13. Kxf2 Ne4+ 14. Kg1 Nxg5 15. e3 Ne4 16. Nfe5 Nd6 17. Qb3 Bf6 18. Nd3 Kh8 19. Nf4 Nb5 20. a4 Nc7 21. Nd2 Nd5 22. Rac1 g6 23. Bxd5 exd5 24. Qc2 Qe8 25. b4 Qe7 26. b5 Bd7 27. bxc6 Bxc6 28. Nb3 Bxa4 29. Qd3 Bxb3 30. Qxb3 Rac8 31. Nxd5 Qf7 32. Rb1 Rcd8 33. Nxf6 Qxf6 34. Qxb7 a6 35. Rb6 Qg5 36. Qxa6 Rfe8 37. Qa3 Rxd4 38. Qc3 Qd8 39. Rb4 Kg8 40. Rxd4 Qb6 41. Qc4+ Kg7 42. Rd7+ Kh6 43. Qh4# 1-0

[Event "Asian-ch Seniors zt 50 3.1"]
[Site "Chess.com INT"]
[Date "2020.07.13"]
[Round "7.11"]
[White "Al Zoubi, Issa"]
[Black "Rafea, Sabri Fayyadh"]
[Result "1-0"]
[WhiteElo "1915"]
[BlackElo "1805"]
[PlyCount "95"]
[EventDate "2020.07.13"]
[EventType "swiss"]
[EventRounds "7"]
[EventCountry "JOR"]
[SourceTitle "EXT 2024"]
[Source "ChessBase"]
[SourceDate "2023.10.10"]
[SourceVersion "1"]
[SourceVersionDate "2023.10.10"]
[SourceQuality "1"]

1. e4 c6 2. d4 d5 3. exd5 cxd5 4. Nf3 Nf6 5. Bd3 Bg4 6. h3 Bh5 7. 0-0 Nc6 8. c3 e6 9. Re1 Be7 10. Nbd2 0-0 11. Nf1 Bd6 12. Bg5 h6 13. Be3 Ne4 14. Be2 f5 15. N3d2 Bxe2 16. Qxe2 Qf6 17. f3 Ng3 18. Nxg3 Bxg3 19. Bf2 Bxf2+ 20. Kxf2 Rae8 21. Nb3 b6 22. Kg1 e5 23. Qb5 e4 24. Qxd5+ Kh8 25. fxe4 fxe4 26. Rxe4 Qf2+ 27. Kh1 Ne7 28. Qd7 Qf6 29. Rae1 Nf5 30. Rxe8 Ng3+ 31. Kh2 Nf1+ 32. Rxf1 Qxf1 33. Rxf8+ Qxf8 34. Qg4 Qd6+ 35. Qg3 Qf6 36. Nd2 a5 37. Nf3 Qe6 38. Ne5 Qxa2 39. Qf2 Qe6 40. Qf7 Qd6 41. g3 b5 42. Ng6+ Kh7 43. Ne7 Qd8 44. Qf5+ Kh8 45. Qe5 Kh7 46. d5 Qf8 47. Qf5+ Qxf5 48. Nxf5 1-0

[Event "Asian-ch Seniors zt 50 3.1"]
[Site "Chess.com INT"]
[Date "2020.07.13"]
[Round "1.4"]
[White "Rafea, Sabri Fayyadh"]
[Black "Khakpoor, Abbas"]
[Result "0-1"]
[WhiteElo "1805"]
[BlackElo "2087"]
[PlyCount "100"]
[EventDate "2020.07.13"]
[EventType "swiss"]
[EventRounds "7"]
[EventCountry "JOR"]
[SourceTitle "EXT 2024"]
[Source "ChessBase"]
[SourceDate "2023.10.10"]
[SourceVersion "1"]
[SourceVersionDate "2023.10.10"]
[SourceQuality "1"]

1. e4 c5 2. Nf3 e6 3. c3 Nf6 4. d3 Nc6 5. Bg5 Be7 6. Be2 0-0 7. 0-0 d6 8. Nbd2 Rb8 9. a4 h6 10. Be3 Ng4 11. Nc4 Nxe3 12. Nxe3 d5 13. exd5 exd5 14. d4 Be6 15. Qd2 Na5 16. dxc5 Nb3 17. Qc2 Nxa1 18. Rxa1 Bxc5 19. Nf5 Qf6 20. N5d4 Rfe8 21. Bd3 Rbc8 22. Qb3 b6 23. Qd1 Bg4 24. Be2 Rc7 25. Nb5 Rce7 26. Bd3 Bxf3 27. Qxf3 Re1+ 28. Rxe1 Rxe1+ 29. Bf1 Qxf3 30. gxf3 a6 31. Nc7 d4 32. cxd4 Bxd4 33. Nxa6 Rb1 34. b4 Rb2 35. Bd3 Rxf2 36. Kh1 Rxf3 37. Bc4 Ra3 38. Bb5 Rb3 39. Bc4 Rb2 40. b5 Be5 41. h3 Rh2+ 42. Kg1 Rxh3 43. Nb4 Rh4 44. Nc6 Rxc4 45. Nxe5 Rxa4 46. Nd7 Rb4 47. Nxb6 Rxb5 48. Nc4 Rc5 49. Ne3 Rc3 50. Kf2 Rxe3 0-1

[Event "IRQ Clubs-chT"]
[Site "Baghdad"]
[Date "2017.08.16"]
[Round "1.2"]
[White "Rafea, Sabri Fayyadh"]
[Black "Gagunashvili, Merab"]
[Result "0-1"]
[WhiteElo "1870"]
[BlackElo "2570"]
[PlyCount "70"]
[EventDate "2017.08.16"]
[EventType "team-swiss"]
[EventRounds "7"]
[EventCountry "IRQ"]
[SourceTitle "CBM 180 Extra"]
[Source "ChessBase"]
[SourceDate "2017.10.06"]
[SourceVersion "1"]
[SourceVersionDate "2017.10.06"]
[SourceQuality "1"]
[WhiteTeam "Naomanya"]
[BlackTeam "Etisalat"]
[WhiteTeamCountry "IRQ"]
[BlackTeamCountry "IRQ"]

1. Nf3 d6 2. d4 g6 3. e4 Bg7 4. h3 c5 5. c3 Nf6 6. dxc5 0-0 7. e5 dxe5 8. Qxd8 Rxd8 9. Nxe5 Rd5 10. Nf3 Rxc5 11. Be3 Rc7 12. Bf4 Rd7 13. Bb5 Rd8 14. Bc7 Rf8 15. 0-0 Bd7 16. Bxd7 Nbxd7 17. Re1 Rac8 18. Bg3 e6 19. Nbd2 Rfd8 20. Rad1 Nc5 21. Nb3 Rxd1 22. Rxd1 Na4 23. Rd2 Ne4 24. Re2 Nxg3 25. fxg3 Rd8 26. Nbd4 a6 27. Nb3 Rd1+ 28. Kh2 Rb1 29. Na5 b6 30. Nc4 b5 31. Na5 Rxb2 32. Rxb2 Nxb2 33. Nc6 Bxc3 34. Kg1 Nd3 35. Kf1 b4 0-1